| 000 | 01084nam a2200217Ia 4500 | ||
|---|---|---|---|
| 003 | Ost | ||
| 005 | 20260507075040.0 | ||
| 008 | 260507s9999||||xx |||||||||||||| ||und|| | ||
| 040 | _cfsecg | ||
| 041 | _aara | ||
| 082 | _a330 | ||
| 100 |
_aعجمية، محمد عبد العزيز _eمؤلف |
||
| 245 | 0 |
_aالتنمية الاقتصادية : _bدراسات نظرية وتطبيقية / _c محمد عبد العزيز عجمية |
|
| 260 |
_aالإسكندرية: _bقسم الاقتصاد, _c2003 |
||
| 300 |
_a448 صفحة؛ _bإيضاحات ؛ _c24 سم |
||
| 520 | _aمفهوم وخصائص التخلف،النمو الاقتصادي والتنمية الاقتصادية،نظريات واستراتيجية التنمية الاقتصادية،تمويل،التنمية الاقتصادية،الزراعة والتنمية،التصنيع كأسلوب للتنمية،السكان والتنمية | ||
| 653 | _aالتنمية الاقتصادية | ||
| 653 | _aالسكان | ||
| 700 |
_aإيمان، عطية ناصف _eمؤلف ثانوي |
||
| 942 | _cكتاب | ||
| 999 |
_c42501 _d42501 |
||